<?xml version="1.0" encoding="UTF-8"?>
<record
    xmlns:xsi="http://www.w3.org/2001/XMLSchema-instance"
    xsi:schemaLocation="http://www.loc.gov/MARC21/slim http://www.loc.gov/standards/marcxml/schema/MARC21slim.xsd"
    xmlns="http://www.loc.gov/MARC21/slim">

  <leader>01458mam a22003254a 4500</leader>
  <datafield tag="999" ind1=" " ind2=" ">
    <subfield code="c">31757</subfield>
    <subfield code="d">31757</subfield>
  </datafield>
  <controlfield tag="001">3036254</controlfield>
  <controlfield tag="003">OSt</controlfield>
  <controlfield tag="005">20170109124527.0</controlfield>
  <controlfield tag="008">990715s2000    maua          001 0 eng  </controlfield>
  <datafield tag="010" ind1=" " ind2=" ">
    <subfield code="a">   99039661 </subfield>
  </datafield>
  <datafield tag="015" ind1=" " ind2=" ">
    <subfield code="a">GBA0-54863</subfield>
  </datafield>
  <datafield tag="020" ind1=" " ind2=" ">
    <subfield code="a">0070285942</subfield>
  </datafield>
  <datafield tag="020" ind1=" " ind2=" ">
    <subfield code="a">0071161716</subfield>
  </datafield>
  <datafield tag="035" ind1=" " ind2=" ">
    <subfield code="a">(OCoLC)ocm41932585</subfield>
  </datafield>
  <datafield tag="040" ind1=" " ind2=" ">
    <subfield code="a">DLC</subfield>
    <subfield code="c">DLC</subfield>
    <subfield code="d">UKM</subfield>
    <subfield code="d">OrLoB-B</subfield>
  </datafield>
  <datafield tag="042" ind1=" " ind2=" ">
    <subfield code="a">pcc</subfield>
  </datafield>
  <datafield tag="050" ind1="0" ind2="0">
    <subfield code="a">TA405</subfield>
    <subfield code="b">.C859 2000</subfield>
  </datafield>
  <datafield tag="082" ind1="0" ind2="0">
    <subfield code="a">620.1/1292</subfield>
    <subfield code="2">21</subfield>
  </datafield>
  <datafield tag="100" ind1="1" ind2=" ">
    <subfield code="a">Courtney, Thomas H.</subfield>
  </datafield>
  <datafield tag="245" ind1="1" ind2="0">
    <subfield code="a">Mechanical Behavior of Materials /</subfield>
    <subfield code="c">Thomas H. Courtney.</subfield>
  </datafield>
  <datafield tag="250" ind1=" " ind2=" ">
    <subfield code="a">2nd ed.</subfield>
  </datafield>
  <datafield tag="260" ind1=" " ind2=" ">
    <subfield code="a">Boston :</subfield>
    <subfield code="b">McGraw Hill,</subfield>
    <subfield code="c">2000.</subfield>
  </datafield>
  <datafield tag="300" ind1=" " ind2=" ">
    <subfield code="a">xviii, 733 p. :</subfield>
    <subfield code="b">ill. ;</subfield>
    <subfield code="c">24 cm.</subfield>
  </datafield>
  <datafield tag="490" ind1="1" ind2=" ">
    <subfield code="a">McGraw-Hill series in materials science</subfield>
  </datafield>
  <datafield tag="505" ind1="0" ind2="0">
    <subfield code="g">1.</subfield>
    <subfield code="t">Overview of Mechanical Behavior --</subfield>
    <subfield code="g">2.</subfield>
    <subfield code="t">Elastic Behavior --</subfield>
    <subfield code="g">3.</subfield>
    <subfield code="t">Dislocations --</subfield>
    <subfield code="g">4.</subfield>
    <subfield code="t">Plastic Deformation in Single and Polycrystalline Materials --</subfield>
    <subfield code="g">5.</subfield>
    <subfield code="t">Strengthening of Crystalline Materials --</subfield>
    <subfield code="g">6.</subfield>
    <subfield code="t">Composite Materials --</subfield>
    <subfield code="g">7.</subfield>
    <subfield code="t">High-Temperature Deformation of Crystalline Materials --</subfield>
    <subfield code="g">8.</subfield>
    <subfield code="t">Deformation of Noncrystalline Materials --</subfield>
    <subfield code="g">9.</subfield>
    <subfield code="t">Fracture Mechanics --</subfield>
    <subfield code="g">10.</subfield>
    <subfield code="t">Toughening Mechanisms and the Physics of Fracture --</subfield>
    <subfield code="g">11.</subfield>
    <subfield code="t">High-Temperature Fracture --</subfield>
    <subfield code="g">12.</subfield>
    <subfield code="t">Fatigue of Engineering Materials --</subfield>
    <subfield code="g">13.</subfield>
    <subfield code="t">Embrittlement --</subfield>
    <subfield code="g">14.</subfield>
    <subfield code="t">Cellular Solids.</subfield>
  </datafield>
  <datafield tag="650" ind1=" " ind2="0">
    <subfield code="a">Materials</subfield>
    <subfield code="x">Mechanical properties.</subfield>
  </datafield>
  <datafield tag="830" ind1=" " ind2="0">
    <subfield code="a">McGraw-Hill series in materials science and engineering.</subfield>
  </datafield>
  <datafield tag="900" ind1=" " ind2=" ">
    <subfield code="b">TOC</subfield>
  </datafield>
  <datafield tag="942" ind1=" " ind2=" ">
    <subfield code="2">ddc</subfield>
    <subfield code="c">BK</subfield>
  </datafield>
  <datafield tag="952" ind1=" " ind2=" ">
    <subfield code="0">0</subfield>
    <subfield code="1">0</subfield>
    <subfield code="2">ddc</subfield>
    <subfield code="4">0</subfield>
    <subfield code="7">0</subfield>
    <subfield code="a">SMME</subfield>
    <subfield code="b">SMME</subfield>
    <subfield code="d">2015-07-01</subfield>
    <subfield code="l">0</subfield>
    <subfield code="o">620.11292</subfield>
    <subfield code="p">SMME-270</subfield>
    <subfield code="r">2018-03-27</subfield>
    <subfield code="w">2015-07-01</subfield>
    <subfield code="y">BK</subfield>
  </datafield>
</record>
